000 00724nam a22002057a 4500
999 _c17927
_d17927
003 AR-CdUCM
008 190510b ||||| |||| 00| 0 spa d
040 _aMUNICIPALIDAD PROVINCIAL DEL CUSCO
_cBIBLIOTECA MUNICIPAL DEL CUSCO
082 _a572 /
_bC26
100 _aCarrel, Alexis
_938190
245 _aLa incógnita del hombre /
260 _aBuenos Aires :
_bJoaquín Gil,
_c1959.
300 _a509 páginas ;
_c21 cm.
505 _aContenido : Palabras del Dr. Pittaluga sobre este libro -- Aspectos biográficos de Alexis Carrel -- En la edicion original del año 1935 ...
650 _aIncógnita
_938191
650 _aHombre
_9956
650 _aCiencia
_92098
942 _2ddc
_cLIBROS
945 _arah
_d10/05/2019